000 01435cam a22003494a 4500
001 9921
003 FISKH
005 20260317092230.0
008 040316s2004 nyu j 000 0 eng
010 _a 2004006069
020 _a0446693219
_qpbk.
020 _a9780446693219
_q(pbk.)
020 _a9781612681139
035 _a13524333
040 _aDLC
_cDLC
_dDLC
_beng
050 0 0 _aHG179
_b.K5648 2004
082 0 0 _a332.024/00835
_222
100 1 _aKiyosaki, Robert T.,
_d1947-
245 1 0 _aRich dad, poor dad for teens :
_bthe secrets about money - that you don't learn in school! /
_cby Robert T. Kiyosaki with Sharon L. Lechter.
250 _aThis edition published in 2022
260 _aNew York :
_bWarner Books,
_c1997
300 _a348 pages :
_b18 cm
520 _aTaking to heart the message that the poor and middle class work for money, but the rich have money work for them, the author lays out a financial philosophy based on the principle that income-generating assets always provide healthier bottom-line results.
650 0 _aFinance, Personal
_vJuvenile literature.
650 0 _aEntrepreneurship
_vJuvenile literature.
650 0 _aInvestments
_vJuvenile literature.
650 0 _aWealth
_vJuvenile literature.
655 7 _aLiterature.
_2lcgft
_0https://id.loc.gov/authorities/genreForms/gf2014026415
906 _a7
_bcbc
_corignew
_d1
_eecip
_f20
_gy-gencatlg
942 _2ddc
_cBK
_n0
999 _c9921
_d9921